Handbook of alternative fuel technologies / (Record no. 565795)
[ view plain ]
| 000 -LEADER | |
|---|---|
| fixed length control field | 00509nam a2200145Ia 4500 |
| 008 - FIXED-LENGTH DATA ELEMENTS--GENERAL INFORMATION | |
| fixed length control field | 210430s9999 xx 000 0 und d |
| 020 ## - INTERNATIONAL STANDARD BOOK NUMBER | |
| International Standard Book Number | 978-0824740696 |
| 082 ## - DEWEY DECIMAL CLASSIFICATION NUMBER | |
| Classification number | 662.6 L4771H |
| 100 ## - MAIN ENTRY--PERSONAL NAME | |
| Personal name | Lee, Sunggyu. |
| 245 ## - TITLE STATEMENT | |
| Title | Handbook of alternative fuel technologies / |
| Statement of responsibility, etc. | Lee, Sunggyu. |
| 260 ## - PUBLICATION, DISTRIBUTION, ETC. | |
| Place of publication, distribution, etc. | Boca Raton : |
| Name of publisher, distributor, etc. | CRC Press, |
| Date of publication, distribution, etc. | 2007 |
| 300 ## - PHYSICAL DESCRIPTION | |
| Extent | 552 p. : |
| 856 ## - ELECTRONIC LOCATION AND ACCESS | |
| Uniform Resource Identifier | <a href="http://www.loc.gov/catdir/toc/ecip0618/2006024771.html | http://www.loc.gov/catdir/enhancements/fy0729/2006024771-d.html">http://www.loc.gov/catdir/toc/ecip0618/2006024771.html | http://www.loc.gov/catdir/enhancements/fy0729/2006024771-d.html</a> |
| 942 ## - ADDED ENTRY ELEMENTS (KOHA) | |
| Koha item type | Reference |
| Source of classification or shelving scheme | |
| Withdrawn status | Lost status | Damaged status | Not for loan | Permanent Location | Current Location | Shelving location | Date acquired | Total Checkouts | Full call number | Barcode | Date last seen | Price effective from | Koha item type |
|---|---|---|---|---|---|---|---|---|---|---|---|---|---|
| School of Chemical & Materials Engineering (SCME) | School of Chemical & Materials Engineering (SCME) | Reference | 662.6 L4771H | SCME-4744 | 04/30/2021 | 04/30/2021 | Reference |
